| 000 | 00865nam a22002771i 4500 | ||
|---|---|---|---|
| 999 |
_c5419 _d5419 |
||
| 001 | 017877948 | ||
| 003 | Uk | ||
| 005 | 20250912093246.0 | ||
| 008 | 160601s2016 enka 000|0|eng|d | ||
| 020 | _a9780198376033 (pbk.) | ||
| 040 |
_aStDuBDS _beng _cStDuBDS _dUk _dKH8 _erda |
||
| 042 | _aukblsr | ||
| 082 | 0 | 4 |
_a530 BRE _223 |
| 100 | 1 |
_aBreithaupt, Jim, _eauthor. |
|
| 245 | 1 | 0 |
_aInternational A Level physics for Oxford International AQA examinations : _bAS and A level / _cJim Breithaupt. |
| 264 | 1 |
_aOxford : _bOxford University Press, _c2016. |
|
| 300 |
_axiv, 536 pages : _billustrations (colour) ; _c27 cm |
||
| 336 |
_atext _2rdacontent |
||
| 336 |
_astill image _2rdacontent |
||
| 337 |
_aunmediated _2rdamedia |
||
| 338 |
_avolume _2rdacarrier |
||
| 500 | _aInclude index. | ||
| 521 | 2 | _aA-level. | |
| 650 | 0 |
_aPhysics _vTextbooks. |
|
| 942 |
_2ddc _cTR |
||